| 000 | 00535cam a2200193ua 4500 | ||
|---|---|---|---|
| 020 | _c150.00 | ||
| 041 |
_aeng _h |
||
| 082 |
_a333.70954 _bMOH/SP |
||
| 100 | _aMohammad, Noor . | ||
| 245 | 0 | 0 |
_aSpatial information technology for natural resource management / _cNoor Mohammad. _hTextual Documents |
| 260 |
_aNew Delhi : _bConcept Publishing Company , _c2007. |
||
| 300 | _a179 ; . | ||
| 365 | _a150.00 | ||
| 504 | _a | ||
| 700 | 1 | _aDutta, Anindita . | |
| 700 | 1 | _aSingh, R B . | |
| 942 | _cBK | ||
| 999 |
_c13379 _d13379 |
||